[Event "Schleswig Holstein-ch U16 Vormeister"]
[Site "Neumuenster"]
[Date "2011.05.01"]
[Round "9.9"]
[White "Knof, Thorben"]
[Black "Beyer, Lukas"]
[Result "1/2-1/2"]
[WhiteElo "755"]
[BlackElo "996"]
[PlyCount "29"]
[EventDate "2011.04.25"]
[EventType "swiss"]
[EventRounds "9"]
[EventCountry "GER"]
[SourceTitle "EXT 2022"]
[Source "ChessBase"]
[SourceDate "2021.10.06"]
[SourceVersion "1"]
[SourceVersionDate "2021.10.06"]
[SourceQuality "1"]

1. e4 e6 2. Nf3 d5 3. exd5 exd5 4. Qe2+ Be7 5. Nd4 Nf6 6. d3 Bd7 7. Bg5 0-0 8. Nc3 Re8 9. 0-0-0 Bc5 10. Qf3 Bxd4 11. Nxd5 Bc6 12. c4 Bxd5 13. cxd5 Qxd5 14. Qg3 Qe5 15. Qxe5 1/2-1/2

[Event "Schleswig Holstein-ch U16 Vormeister"]
[Site "Neumuenster"]
[Date "2011.04.29"]
[Round "7.6"]
[White "Beyer, Mirko"]
[Black "Beyer, Lukas"]
[Result "1/2-1/2"]
[WhiteElo "1257"]
[BlackElo "996"]
[PlyCount "47"]
[EventDate "2011.04.25"]
[EventType "swiss"]
[EventRounds "9"]
[EventCountry "GER"]
[SourceTitle "EXT 2022"]
[Source "ChessBase"]
[SourceDate "2021.10.06"]
[SourceVersion "1"]
[SourceVersionDate "2021.10.06"]
[SourceQuality "1"]

1. e4 e6 2. d4 d5 3. exd5 exd5 4. Bd3 Bd6 5. Ne2 Nf6 6. Bf4 Bxf4 7. Nxf4 0-0 8. 0-0 Qd6 9. Qd2 Be6 10. Nxe6 Qxe6 11. Re1 Qd6 12. h3 b6 13. c3 c5 14. b4 c4 15. Bc2 b5 16. Qg5 Re8 17. Rxe8+ Nxe8 18. Nd2 Nd7 19. Nf3 Nef6 20. Ne5 Nxe5 21. Qxe5 Qxe5 22. dxe5 Nd7 23. f4 Re8 24. Re1 1/2-1/2